000 00517nas a2200193 i 4500
001 2-00323086
003 PPAK
005 20180729123408.0
008 131001s my |||| ||||| | eng d
022 _a9771511837003
040 _aPPAK
_beng
_cPPAK
_erda
245 0 4 _aThe Malaysian Women's Weekly
264 1 _aKuala Lumpur:
_bBlu Inc Media Sdn Bhd,
336 _2rdacontent
_atext
337 _2rdamedia
_aunmediated
338 _2rdacarrier
_avolume
650 1 0 _aWomen Malaysia- Periodicals
942 _ddc
_cSR
999 _c149787
_d149787